000 00551 a2200193 4500
005 20260108103939.0
008 260106b |||||||| |||| 00| 0 eng d
020 _a978-93-90461-36-3
_cRs. 800.00
040 _aMAIN
082 _a796.071
_bK83S
100 _aKolarkar, Ajay P
245 _aSports management and curriculam design in physical education
260 _bKhel Sahitya Kendra
_c2025
_aNew Delhi
300 _a152
650 _aPhysical Education
650 _aSports Management
700 _aFendar, Anilkumar Sudamrao
942 _cBK
999 _c393706
_d393706